Kundrakkusi Adigal/ (Record no. 177973)

MARC details
000 -LEADER
fixed length control field 00674nam a22001937a 4500
005 - DATE AND TIME OF LATEST TRANSACTION
control field 20210311130737.0
010 ## - LCCN (DPL NO)
LC control number ENG-129212
020 ## - INTERNATIONAL STANDARD BOOK NUMBER
Terms of availability 50.00
035 ## - SYSTEM CONTROL NUMBER
System control number EN-112744
037 ## - SOURCE OF ACQUISITION
Source of stock number/acquisition DBAD/PUB
082 ## - DEWEY DECIMAL CLASSIFICATION NUMBER
Classification number 920
245 ## - TITLE STATEMENT
Title Kundrakkusi Adigal/
Statement of responsibility, etc Sethupathi, Kirungai Translated from Tamil to English by Kannaiyan Daksnamurthy
260 ## - PUBLICATION, DISTRIBUTION, ETC. (IMPRINT)
Place of publication, distribution, etc New Delhi
Name of publisher, distributor, etc Sahitya Bhavan
Date of publication, distribution, etc 2019
270 ## - ADDRESS
City New Delhi
Address Rabindra Bhavan, 35, Ferozeshah Road
Electronic mail address secretary@sahitya-akademi.gov.in
Postal code 110001
Telephone number 011 23386626/27/28
300 ## - PHYSICAL DESCRIPTION
Extent 126p.
Dimensions 21cm(pbk)
500 ## - GENERAL NOTE
General note Makers of Indian Literature
700 ## - ADDED ENTRY--PERSONAL NAME
Personal name Daksnamurthy, Kannaiyan, Tr.
942 ## - ADDED ENTRY ELEMENTS (KOHA)
Source of classification or shelving scheme Dewey Decimal Classification
Item type English Books
Classification part 920
Call number suffix SET
Holdings
Withdrawn status Lost status Not for loan Collection code Home library Current library Date acquired Source of acquisition Cost, normal purchase price Full call number Barcode Copy number Cost, replacement price Koha item type
      Non-fiction Ashok Vihar Ashok Vihar 11/03/2021 DBAD/PUB 50.00 920 SET EN-112744 1 50.00 English Books

© Delhi Public Library
Hit Counter
free hit counter